000 00402nam a22001457a 4500
005 20200710133920.0
008 200710b xxu||||| |||| 00| 0 eng d
082 _a345.4005 BHA-I
100 _aBHATT, VIJAY
_96284
245 _aINDIAN BAR REVIEW [Vol.XLIII (1)2016 ,JANUARY TO MARCH)
260 _aNEW DELHI
_bBAR COUNCIL OF INDIA TRUST
_c2016
300 _a193p.
650 _aLAW
_95701
942 _cJRL
999 _c7416
_d7414